City of Sokrates : (Record no. 4046)

000 -LEADER
fixed length control field nam a22 a 4500
005 - DATE AND TIME OF LATEST TRANSACTION
control field 20170525084923.0
008 - FIXED-LENGTH DATA ELEMENTS--GENERAL INFORMATION
fixed length control field 170525r19871984enkabe || 001 ||eng d
020 ## - INTERNATIONAL STANDARD BOOK NUMBER
International Standard Book Number 0710211023
040 ## - CATALOGING SOURCE
Original cataloging agency AKMAL
082 ## - DEWEY DECIMAL CLASSIFICATION NUMBER
Classification number 938.5 ROB
090 ## - LOCALLY ASSIGNED LC-TYPE CALL NUMBER (OCLC); LOCAL CALL NUMBER (RLIN)
Classification number (OCLC) (R) ; Classification number, CALL (RLIN) (NR) 938.5
Local cutter number (OCLC) ; Book number/undivided call number, CALL (RLIN) ROB
100 ## - MAIN ENTRY--PERSONAL NAME
Personal name Roberts, J. W. |q (John Willoby),
Dates associated with a name 1932-2005.
9 (RLIN) 7926
245 ## - TITLE STATEMENT
Title City of Sokrates :
Remainder of title an introduction to classical Athens
Statement of responsibility, etc. J.W. Roberts.
260 ## - PUBLICATION, DISTRIBUTION, ETC.
Place of publication, distribution, etc. London :
Name of publisher, distributor, etc. Routledge & Kegan Paul,
Date of publication, distribution, etc. 1984 |g (1987 [printing])
300 ## - PHYSICAL DESCRIPTION
Extent xi,265p.
Other physical details ill., maps,plans
Dimensions 24cm
500 ## - GENERAL NOTE
General note Bibliography: p253-254. _ Includes index.
651 ## - SUBJECT ADDED ENTRY--GEOGRAPHIC NAME
Geographic name Athens (Greece)
General subdivision Social life and customs
9 (RLIN) 7927
942 ## - ADDED ENTRY ELEMENTS (KOHA)
Source of classification or shelving scheme
Koha item type Book
Holdings
Withdrawn status Lost status Source of classification or shelving scheme Damaged status Not for loan Collection code Home library Current library Shelving location Date acquired Inventory number Total Checkouts Full call number Barcode Date last seen Price effective from Koha item type
          NON-FICTION AKMAL Melaka AKMAL Melaka PINJAMAN 25.05.2017 900198   938.5 ROB 201705408 25.05.2017 25.05.2017 Book
Pusat Sumber Maklumat Dato' Haji Sarmin Md Hussin, Akademi Kastam Diraja Malaysia, Melaka
Tel: 06-2331106 | Faks: 06-2313787